The Prosperity: (Record no. 207933)

MARC details
000 -LEADER
fixed length control field 00592nam a22001937a 4500
005 - DATE AND TIME OF LATEST TRANSACTION
control field 20241224124334.0
010 ## - LCCN (DPL NO)
LC control number ENG-142260
020 ## - INTERNATIONAL STANDARD BOOK NUMBER
Terms of availability 425.00
International Standard Book Number 9789393734945
035 ## - SYSTEM CONTROL NUMBER
System control number EN-125792
037 ## - SOURCE OF ACQUISITION
Source of stock number/acquisition Exceller Books
037 ## - SOURCE OF ACQUISITION
Source of stock number/acquisition DBAD
082 ## - DEWEY DECIMAL CLASSIFICATION NUMBER
Classification number 158.4
100 ## - MAIN ENTRY--PERSONAL NAME
Personal name Busari, Wale
245 ## - TITLE STATEMENT
Title The Prosperity:
Remainder of title Work Less, Think Hard Find Your Passion/
Statement of responsibility, etc by Wale Busari
260 ## - PUBLICATION, DISTRIBUTION, ETC. (IMPRINT)
Place of publication, distribution, etc Kolkata
Name of publisher, distributor, etc Exceller Books
Date of publication, distribution, etc 2024
270 ## - ADDRESS
Address G1 Dream Apartment, Degree College Road
City Belgharia,Kolkata
300 ## - PHYSICAL DESCRIPTION
Extent 258p.
Dimensions 21cm(pb)
942 ## - ADDED ENTRY ELEMENTS (KOHA)
Source of classification or shelving scheme Dewey Decimal Classification
Item type English Books
Call number suffix BUS
Classification part 158.4
Holdings
Withdrawn status Lost status Not for loan Collection code Home library Current library Date acquired Source of acquisition Cost, normal purchase price Full call number Barcode Copy number Cost, replacement price Koha item type
      Non-fiction Central Library Central Library 24/12/2024 Delivery of Books Division 425.00 BUS 158.4 EN-125792 1 425.00 English Books

© Delhi Public Library
Hit Counter
free hit counter